|
|
|
|
| LEADER |
00000nam a2200000 a 4500 |
| 001 |
vtls001386502 |
| 003 |
SK-MaSNL |
| 005 |
20260301161511.0 |
| 008 |
251124s1998 RU a rc 0 rus |
| 020 |
|
|
|a 587468039X
|c [110,00]
|
| 035 |
|
|
|a SNK000340663
|
| 040 |
|
|
|a SNK
|b slo
|c SNK
|e AACR2
|
| 044 |
|
|
|a RU
|
| 080 |
|
|
|a 929.52 Romanovci (rod panovnícky)
|2 1981
|
| 080 |
|
|
|a 001.891:343.611:323.272(47)
|2 1981
|
| 245 |
1 |
|
|a Pokajanije
|b materialy pravitel'stavennoj Komissii po izučeniju voprosov, svjazannych s issledovanijem i perezachoronenijem ostankov Rossijskogo Imperatora Nikolaja II i členov jego sem'ji : izbrannyje dokumenty
|c sostavitel' Viktor Aksjučic
|
| 260 |
|
|
|a Moskva
|b Vybor
|c 1998
|
| 300 |
|
|
|a 285 s.
|c 22 cm
|
| 600 |
3 |
7 |
|a Romanov (rod)
|x identifikácia ostatkov
|x geneticko-právnicke výskumy
|y 1998
|x dokumenty a fotografie
|2 SNK
|9 65382
|
| 700 |
1 |
|
|a Aksjučic, Viktor
|4 zos
|9 524609
|
| 919 |
|
|
|a 5-87468-039-X
|
| 999 |
|
|
|c 809706
|d 811636
|
| 952 |
|
|
|t P60, <04>, [BOOK], {604}
|a SNK
|b SNK
|y VYP
|7 0
|p 17A0236004
|o snkIC 128516
|i snkV 561/2000
|0 0
|1 0
|4 0
|d 2000-04-18
|l 0
|r 2005-01-02 00:00:00
|w 2026-02-24
|